| 000 | 00325nam a2200109Ia 4500 | ||
|---|---|---|---|
| 008 | 240129s9999 xx 000 0 und d | ||
| 100 | _aSAXENA, ANOOP | ||
| 245 | 2 | _aA STUDY OF SECURITY MEASURES FOR WIRELESS NETWORK | |
| 260 |
_bMEWAR UNIVERSITY, CHITTORGARH _c2021 |
||
| 650 | _aComputer Science & Engineering | ||
| 942 | _cTHE | ||
| 999 |
_c218954 _d218954 |
||